000 00452nam a2200145 4500
001 116133
003 ES-MaACL
007 t|
008 061121s1967 sp r ||||1| spa d
100 1 _aPatiño Ponte, Ramón.
_989578
245 1 0 _aViajes por el mundo de un periodista
_b: (recuerdos de viaje) /
_cRamón Patiño Ponte.
260 _aLa Coruña :
_b[s. n.],
_c1967 (
_fImp. Roel)
300 _a395 p. ;
_c21 cm.
852 _aES-MaACL
_jG-7350
_bR.65121
999 _c116133
_d116133